LEADER 00909nam2-22003371i-450 001 990000174590403321 005 20180119093705.0 035 $a000017459 035 $aFED01000017459 035 $a(Aleph)000017459FED01 035 $a000017459 100 $a20011111d1884----km-y0itay50------ba 101 0 $aita 105 $ay-------001yy 200 1 $a[Testo]. 415 p. 210 $aTorino$cPresso A.F. Negro$d1884- 215 $av.$d24 cm 461 0$1001000013237$12001$aGeometria pratica applicata all'arte del costruttore 610 0 $aTopografia 676 $a526.98 700 1$aCurioni,$bGiovanni$f<1831-1887>$06174 801 0$aIT$bUNINA$gRICA$2UNIMARC 901 $aBK 912 $a990000174590403321 952 $a13 AR 25 B 02$b22177/A$fFINBC 952 $aVAR 59.A$b2780.a$fDINED 959 $aFINBC 959 $aDINED 996 $a415 p$9121303 997 $aUNINA DB $aING01 LEADER 01379nam 2200373 450 001 9910433225303321 005 20230621135706.0 035 $a(CKB)4100000011743239 035 $a(EXLCZ)994100000011743239 100 $a20210130h20202020 f| 0 101 0 $aeng 135 $aur||#|||||||| 181 $ctxt$2rdacontent 182 $cc$2rdamedia 183 $acr$2rdacarrier 200 00$aHow to prevent plagiarism in student work$ea handbook for academic staff /$fTomá? Foltýnek et al. 210 1$aPrague :$cKarolinum Press,$d2020. 210 1$d©2020. 215 $a1 online resource (34 pages) $cillustrations; digital file(s) 300 $aTranslated from the Czech by Adéla Válková. 300 $aThis handbook was published with the support of the Ministry of Education,Youth and Sports under the centralised development project M?MT-12222/2019-3 320 $aIncludes bibliographical references. 330 $aStrengthening the prevention of plagiarism in student work. 606 $aPlagiarism$xPrevention 606 $aPlagiarism$vHandbooks, manuals, etc 615 0$aPlagiarism$xPrevention. 615 0$aPlagiarism 676 $a808.025 700 $aFoltýnek$bTomá?$01207894 801 2$bUkMaJRU 906 $aBOOK 912 $a9910433225303321 996 $aHow to prevent plagiarism in student work$92786692 997 $aUNINA